New Zealand All Blacks Rugby - 6 wins or more on Eden Park but at least 1 loss - Statistics

General Stats
  • This quiz has been taken 43 times
    30 since last reset
  • The average score is 10 of 16
Answer Stats
Wins Losses Draws Player % Correct
15 1 1 Sean Fitzpatrick
96%
7 1 1 Zinzan Brooke
93%
11 1 1 Ian Jones
89%
6 1 0 Jonah Lomu
86%
7 1 1 Colin Meads
75%
13 1 0 Gary Whetton
75%
13 2 1 John Kirwan
68%
7 1 1 Frank Bunce
64%
6 1 1 Olo Brown
64%
8 1 1 Richard Loe
64%
9 1 0 Steve McDowall
54%
6 2 0 Andy Dalton
43%
6 2 0 Andy Haden
43%
6 1 0 Joe Stanley
32%
6 1 0 Murray Pierce
21%
6 3 0 Gary Knight
14%
No matching quizzes found
Score Distribution
Percent of People with Each Score
Percentile by Number Answered
Your Score History
You have not taken this quiz since the last reset